| 000 | 00973nam a2200229Ia 4500 | ||
|---|---|---|---|
| 001 | L268-21852 | ||
| 003 | IT-CnALBA | ||
| 008 | 170116s9999||||xx |||||||||||||| ||und|| | ||
| 040 |
_aIT-CnALBA _cIT-CnALBA |
||
| 041 | _aITALIANO | ||
| 100 | _aLAZZATI GIUSEPPE, ONOREVOLE | ||
| 245 | 0 | _aLA CULTURA. | |
| 250 | _a1a ed. | ||
| 260 |
_aROMA _bAVE, ANONIMA VERITA'S EDITRICE _c1987 [1° Ed.:1987 - Ed.Ling.Originale: 1987] |
||
| 300 | _a60 p. (prefazione: 5) | ||
| 500 | _aQUADERNI DI SAN SALVATORE, N 6. PRESENTAZIONE DI LUCIANO CAIMI. CULTURA E CULTURE. CULTURA CRISTIANA. FORMAZIONE CULTURALE. MEDIAZIONE CULTURALE. | ||
| 501 | _aSocietà San Paolo EM - Piazza San Paolo, 14 - 12051 ALBA (CN) (non commercial uses only) ® Copyright 2017 | ||
| 520 | _aQUADERNI DI SAN SALVATORE, N 6. PRESENTAZIONE DI LUCIANO CAIMI. CULTURA E CULTURE. CULTURA CRISTIANA. FORMAZIONE CULTURALE. MEDIAZIONE CULTURALE. | ||
| 650 | _aCATECHESI | ||
| 942 | _cBK | ||
| 957 | _71 | ||
| 999 |
_a26594 _bNO _g Copie: 1 _c280956 _d280956 |
||